Countries by last two letters in 90 seconds - Statistics

General Stats
  • This quiz has been taken 1,302 times
  • The average score is 118 of 196
Answer Stats
Country % Correct
Albania
97%
Algeria
97%
Armenia
97%
Australia
97%
Austria
97%
Bolivia
97%
Bulgaria
97%
Cambodia
97%
Colombia
97%
Croatia
97%
Estonia
97%
Ethiopia
97%
Federated States of Micronesia
97%
Gambia
97%
Georgia
97%
India
97%
Indonesia
97%
Latvia
97%
Liberia
97%
Lithuania
97%
Macedonia
97%
Malaysia
97%
Mauritania
97%
Mongolia
97%
Namibia
97%
Nigeria
97%
Romania
97%
Russia
97%
Saint Lucia
97%
Saudi Arabia
97%
Serbia
97%
Slovakia
97%
Slovenia
97%
Somalia
97%
Syria
97%
Tanzania
97%
Tunisia
97%
Zambia
97%
Afghanistan
93%
Azerbaijan
93%
Bhutan
93%
Iran
93%
Japan
93%
Jordan
93%
Kazakhstan
93%
Kyrgyzstan
93%
Oman
93%
Pakistan
93%
South Sudan
93%
Sudan
93%
Taiwan
93%
Tajikistan
93%
Turkmenistan
93%
Uzbekistan
93%
Finland
87%
Iceland
87%
Ireland
87%
New Zealand
87%
Poland
87%
Swaziland
87%
Switzerland
87%
Thailand
87%
Argentina
83%
Bosnia and Herzegovina
83%
Botswana
83%
China
83%
Ghana
83%
Guyana
83%
Costa Rica
75%
Dominica
75%
Jamaica
75%
South Africa
75%
Antigua and Barbuda
71%
Canada
71%
Grenada
71%
Rwanda
71%
Uganda
71%
Equatorial Guinea
67%
Eritrea
67%
Guinea
67%
North Korea
67%
Papua New Guinea
67%
South Korea
67%
Bahrain
65%
Benin
65%
Liechtenstein
65%
Maldives
65%
Philippines
65%
Saint Vincent and Grenadines
65%
Seychelles
65%
Spain
65%
United Arab Emirates
65%
United States
65%
Sweden
63%
Yemen
63%
Angola
62%
Guatemala
62%
Venezuela
62%
France
57%
Greece
57%
Brazil
55%
Germany
55%
Norway
55%
Paraguay
55%
Uruguay
55%
Mexico
52%
Monaco
52%
Morocco
52%
Nepal
50%
Portugal
50%
Senegal
50%
Marshall Islands
49%
Netherlands
49%
Solomon Islands
49%
United Kingdom
47%
Bahamas
46%
Honduras
46%
Djibouti
45%
Haiti
45%
Kiribati
45%
Belarus
44%
Central African Republic
44%
Chile
44%
Cyprus
44%
Czech Republic
44%
Dominican Republic
44%
Italy
44%
Mauritius
44%
Barbados
42%
Comoros
42%
Democratic Republic of the Congo
42%
Laos
42%
Republic of the Congo
42%
Togo
42%
Trinidad and Tobago
42%
Andorra
40%
Cameroon
40%
Gabon
40%
Lebanon
40%
East Timor
39%
Ecuador
39%
El Salvador
39%
Madagascar
38%
Myanmar
38%
Panama
38%
Qatar
38%
Nauru
37%
Peru
37%
Cuba
36%
Denmark
36%
Egypt
36%
Vietnam
36%
Sierra Leone
35%
Ukraine
35%
Kenya
34%
Libya
34%
Nicaragua
32%
Turkey
31%
Vatican City
31%
Belgium
30%
Iraq
29%
Hungary
28%
Israel
28%
Niger
28%
Saint Kitts and Nevis
27%
Fiji
26%
Malta
26%
Samoa
26%
Tonga
26%
Bangladesh
25%
Cote d'Ivoire
25%
Guinea-Bissau
25%
Palau
25%
Singapore
25%
Chad
24%
Belize
23%
Mali
22%
Sri Lanka
22%
Kosovo
21%
Suriname
21%
Cape Verde
20%
Zimbabwe
20%
Kuwait
19%
Moldova
19%
Tuvalu
19%
Brunei
18%
Burkina Faso
18%
Burundi
18%
San Marino
18%
Luxembourg
17%
Vanuatu
17%
Montenegro
16%
Lesotho
13%
Mozambique
13%
Malawi
9%
São Tomé and Príncipe
9%
No matching quizzes found
Score Distribution
Percent of People with Each Score
Percentile by Number Answered
Your Score History
You have not taken this quiz